000 003180000a22001090004500
090 _aAS
_bSeriadas
245 1 0 _aStatus taxonómico de Catamenia oreophila todd
041 0 _aEspañol
100 1 _aRomero Zambrano, Hernando
_993556
942 _cARTICULO
773 1 _tLozania: Acta Zoológica Colombiana
_3375
_h23
_q1-7
_d1977
999 _c15200
_d15200